[Event "World ol U16"]
[Site "Nakhchivan"]
[Date "2022.10.06"]
[Round "5.4"]
[White "Caputcuoglu, Zeki Berke"]
[Black "Hidalgo Diaz, Daniel"]
[Result "1/2-1/2"]
[WhiteElo "2370"]
[BlackElo "2315"]
[PlyCount "62"]
[EventDate "2022.10.02"]
[EventType "team-swiss"]
[EventRounds "9"]
[EventCountry "AZE"]
[SourceTitle "CBM 210 Extra"]
[Source "ChessBase"]
[SourceDate "2022.11.30"]
[SourceVersion "1"]
[SourceVersionDate "2022.11.30"]
[SourceQuality "1"]
[WhiteTeam "Turkey White"]
[BlackTeam "Cuba"]
[WhiteTeamCountry "TUR"]
[BlackTeamCountry "CUB"]

1. e4 e6 2. d4 d5 3. Nd2 c5 4. Ngf3 cxd4 5. Nxd4 Nc6 6. Bb5 Bd7 7. Nxc6 bxc6 8. Bd3 Bd6 9. Qe2 Qc7 10. Nf3 f6 11. 0-0 Ne7 12. c4 0-0 13. Be3 dxe4 14. Bxe4 f5 15. Bc2 c5 16. b4 cxb4 17. Rfd1 Rad8 18. Bb3 Be5 19. Bg5 Bxa1 20. Bxe7 Bf6 21. Bxd8 Rxd8 22. c5 Kf8 23. Qc4 a5 24. Nd4 Bc8 25. Nxe6+ Bxe6 26. Rxd8+ Qxd8 27. Qxe6 Qe8 28. Qg8+ Ke7 29. Qe6+ Kf8 30. Qg8+ Ke7 31. Qe6+ Kf8 1/2-1/2

[Event "Capablanca Memorial U15 2nd"]
[Site "Havana"]
[Date "2018.05.14"]
[Round "2"]
[White "Hidalgo Diaz, Daniel"]
[Black "Borroto Fajardo, Alian Alberto"]
[Result "1/2-1/2"]
[WhiteElo "1599"]
[BlackElo "1947"]
[PlyCount "68"]
[EventDate "2018.05.14"]
[EventType "swiss"]
[EventRounds "7"]
[EventCountry "CUB"]
[SourceTitle "EXT 2021"]
[Source "ChessBase"]
[SourceDate "2020.10.23"]
[SourceVersion "1"]
[SourceVersionDate "2020.10.23"]
[SourceQuality "1"]

1. d4 e6 2. e4 d5 3. exd5 exd5 4. Bd3 Bd6 5. Nf3 Nc6 6. c3 Bg4 7. Be3 Qd7 8. Nbd2 Nge7 9. Qc2 0-0-0 10. 0-0-0 Bf5 11. Rde1 Rde8 12. Rhf1 f6 13. h3 Bxd3 14. Qxd3 Nf5 15. Kb1 Re7 16. Nb3 Rhe8 17. Bd2 Rxe1+ 18. Rxe1 g6 19. Qf1 Rxe1+ 20. Qxe1 Qe7 21. Qxe7 Ncxe7 22. Kc2 b6 23. Nc1 Kd7 24. Ne2 g5 25. g4 Ng7 26. Ne1 Ng6 27. Ng2 Ne6 28. b3 b5 29. f3 c6 30. b4 a6 31. Kd3 Bc7 32. Kc2 Bd6 33. Kd3 Bc7 34. Kc2 Bd6 1/2-1/2